00739nam a22001815i 450000100060000000300090000600500170001500700030003200800410003504000270007610000400010324500570014326000870020030000290028750000870031660000470040385201070045054480ES-MaACL20250704063112.0t|960806e1874 fr ||||1| fre d aCLM bspa cCCPB | SIC1 aFouillée, Alfred,d1838-1912eaut13aLa philosophie de Socrate / cpar Alfred Fouillée. aParis : bLibrairie Philosophique de Ladrange, c1874f(Imp. Simon Racon et Comp.) a2 volúmenes ; c23 cm. aEn port. : Ouvrage couronné par l'Académie des Sciences Morales et Politiques.14aSócrates-xCrítica e interpretación. aES-MaACLcSVIgFirma autógrafa de Antonio Aura BoronathDonativo de Antonio Aura BoronatjD-4948-49